LIBRARIAN S HANDBOOK FOR SEEKING WRITING (Record no. 26967)

MARC details
000 -LEADER
fixed length control field 00361nam a2200133Ia 4500
008 - FIXED-LENGTH DATA ELEMENTS--GENERAL INFORMATION
fixed length control field 240624s9999 xx 000 0 und d
041 ## - LANGUAGE CODE
Language code of text/sound track or separate title eng
082 ## - DEWEY DECIMAL CLASSIFICATION NUMBER
Classification number 025 HAL
100 ## - MAIN ENTRY--PERSONAL NAME
Personal name HALL ELLIS SYLVIA
245 ## - TITLE STATEMENT
Title LIBRARIAN S HANDBOOK FOR SEEKING WRITING
260 ## - PUBLICATION, DISTRIBUTION, ETC.
Date of publication, distribution, etc. 2011
Place of publication, distribution, etc. California
Name of publisher, distributor, etc. Libraries Unlimited
300 ## - PHYSICAL DESCRIPTION
Extent xvi, : 313 : p. : cm. ; 23
365 ## - TRADE PRICE
Currency code
Price amount 30
Holdings
Withdrawn status Lost status Damaged status Not for loan Home library Current library Shelving location Date acquired Source of acquisition Cost, normal purchase price Full call number Barcode Date last seen Copy number Price effective from Koha item type
        IMTN IMTN Rack 2-B 03/10/2016 MB 50.00 025 HAL 26967 06/24/2024 70.2 06/24/2024 Books
Designed & Maintained by: LRC IMT Nagpur Contact: lrc@imtnag.ac.in© 2024. All Rights Reserved.